Building the inclusive City : (Record no. 10706)

MARC details
000 -LEADER
campo de control de longitud fija 00376nam a2200133Ia 4500
005 - FECHA Y HORA DE LA ÚLTIMA TRANSACCIÓN
campo de control 20260328104304.0
008 - DATOS DE LONGITUD FIJA--INFORMACIÓN GENERAL
campo de control de longitud fija 260328s9999||||xx |||||||||||||| ||und||
100 ## - ENTRADA PRINCIPAL--NOMBRE DE PERSONA
Nombre de persona Spino, Nilson
245 #0 - MENCIÓN DEL TÍTULO
Título Building the inclusive City :
Resto del título Theory and Practice for confronting Urban segregation /
Mención de responsabilidad, etc. Nilson Spino
250 ## - MENCION DE EDICION
Mención de edición 5a ed.
300 ## - DESCRIPCIÓN FÍSICA
Extensión 144 p.
650 ## - PUNTO DE ACCESO ADICIONAL DE MATERIA--TÉRMINO DE MATERIA
Término de materia o nombre geográfico como elemento de entrada URBANISMO
942 ## - ELEMENTOS DE ENTRADA SECUNDARIOS (KOHA)
Tipo de ítem Koha Libros
Holdings
Estatus retirado Estado de pérdida Estado de daño No para préstamo Colección Biblioteca de origen Biblioteca actual Ubicación en estantería Fecha de adquisición Número de inventario Total de préstamos Signatura topográfica completa Código de barras Visto por última vez Copia número Precio de reemplazo Tipo de ítem Koha
        General Biblioteca Gonzalo Peláez Caldas Biblioteca Gonzalo Peláez Caldas Colección general 28/03/2026 4941   711.167 Es 653 4941 28/03/2026 1 28/03/2026 Libros